00483nam a2200133Ia 4500008004100000024005700041082001900098100008700117245004200204260002600246600002700272650003300299999001700332260210s9999 xx 000 0 und d a09B-140-EE, 10B-54-EE, 10B-69-EE & 10B-77-EE a629.231072 SYE aSyed Muhammad Moiz, Muhammad Salik, Muhammad Faizan Ahmed & Syed Fayyaz ul Haq 0aUGCV (Unmanned Ground Combat Vehicle) aKarachi:bUITU,c2010 aElectronic Engineering aBachelor of Engineering (BE) c33083d33083